000 03181cam a22012254i 4500
003 PE-LiUPU
005 20250813185408.0
008 171106s2011 sp a rb 000 0 spa d
020 _a9788471126559
035 _a(Sirsi) a239958
040 _aPE-LiUPU
_bspa
_cPE-LiUPU
_erda
049 _aPRUA
082 0 4 _a305.235
_bA2
_220
245 0 0 _aAdolescentes en el siglo XXI :
_bentre impotencia, resiliencia y poder /
_cRoberto Pereira (comp.).
264 1 _aMadrid:
_bMorata,
_c2011.
300 _a598 páginas :
_bilustraciones ;
_c24 centímetros
336 _atext
_2rdacontent
337 _aunmediated
_2rdamedia
338 _avolume
_2rdacarrier
504 _aBibliografía : Al final de cada capítulo.
505 0 _aLa búsqueda del adulto por parte del adolescente -- Adolescencias complicadas -- Adolescencia en internet -- El adolescente inmigrante -- Adolescencias embarrulladas -- Adolescencia y violencia -- La intervención terapéutica con los adolescentes y sus familias.
526 _aP202
526 _aP201
526 _aP163
526 _aP162
526 _aP161
526 _aP160
526 _aP148
526 _aP147
526 _aP146
526 _aP145
526 _aP144
526 _aP143
526 _aP142
526 _aP141
526 _aP140
526 _aP139
526 _aP138
526 _aP137
526 _aP136
526 _aP135
526 _aP134
526 _aP133
526 _aP129
526 _aP128
526 _aP127
526 _aP120
526 _aP119
526 _aP118
526 _aP116
526 _aP115
526 _aP114
526 _aP110
526 _aP109
526 _aP108
526 _aP104
526 _aP103
526 _aP102
526 _aP99
526 _aP98
526 _aP97
526 _aP96
526 _aP95
526 _aP93
526 _aP90
526 _aP89
526 _aP88
526 _aP83
526 _aP82
526 _aP62
526 _aP59
526 _aP58
526 _aP57
526 _aP51
526 _aP49
526 _aP48
526 _aP47
526 _aP29
526 _aP24
526 _aP20
526 _aP19
526 _aP17
526 _aP15
526 _aP14
526 _aP12
526 _aP10
526 _aP09
526 _aP08
526 _aP07
526 _aP06
526 _aP05
526 _aP04
526 _aP01
526 8 _iPrograma academico :
_5PE-LiUPU
541 _g0001-0042199;
650 2 4 _aAdolescentes
_xCongresos y asambleas.
650 1 4 _aAdolescentes
_xPsicología
_vCongresos, conferencias, etc.
650 2 4 _aInternet y jóvenes
_vCongresos, conferencias, etc.
700 1 _aPereira, Roberto,
_ecomp.
910 _adbm
_bncf
_cncf
_d20171106
942 _2ddc
_cBOOK
994 _aC0
_bPEPRU
596 _a1
999 _a305.235 A2
_wDEWEY
_c25611
_i76915
_d25611
_e2018-9-27
_f2021-11-8
_g4
_lCCODEBUL1
_mBUL
_n3
_p85.59
_q3
_r0
_sY
_tBOOK
_u2017-11-6
_xEDUCACION
_PP33
_0COMPRA
_o.STAFF. Colección Ciencias de la Salud
980 _81
_gALBERTO SANCHEZ Responsable de Automatización